Microsoft Office Excel 2003 step by step / (Record no. 284793)
[ view plain ]
| 000 -LEADER | |
|---|---|
| fixed length control field | 02026cam a22003734a 4500 |
| 001 - CONTROL NUMBER | |
| control field | 13182272 |
| 003 - CONTROL NUMBER IDENTIFIER | |
| control field | PILC |
| 005 - DATE AND TIME OF LATEST TRANSACTION | |
| control field | 20150608134907.0 |
| 008 - FIXED-LENGTH DATA ELEMENTS--GENERAL INFORMATION | |
| fixed length control field | 030501s2003 waua 001 0 eng |
| 010 ## - LIBRARY OF CONGRESS CONTROL NUMBER | |
| LC control number | 2003052689 |
| 020 ## - INTERNATIONAL STANDARD BOOK NUMBER | |
| International Standard Book Number | 9780735615182 |
| 020 ## - INTERNATIONAL STANDARD BOOK NUMBER | |
| International Standard Book Number | 0735615187 |
| 040 ## - CATALOGING SOURCE | |
| Original cataloging agency | DLC |
| Transcribing agency | DLC |
| Modifying agency | DLC |
| 042 ## - AUTHENTICATION CODE | |
| Authentication code | pcc |
| 050 00 - LIBRARY OF CONGRESS CALL NUMBER | |
| Classification number | HF 5548.4.M523 |
| Item number | .F948 2003 |
| 082 00 - DEWEY DECIMAL CLASSIFICATION NUMBER | |
| Classification number | 005.369 |
| 100 1# - MAIN ENTRY--PERSONAL NAME | |
| Personal name | Frye, Curtis, |
| Dates associated with a name | 1968- |
| 245 10 - TITLE STATEMENT | |
| Title | Microsoft Office Excel 2003 step by step / |
| Statement of responsibility, etc | Curtis Frye. |
| 260 ## - PUBLICATION, DISTRIBUTION, ETC. (IMPRINT) | |
| Place of publication, distribution, etc | Redmond, Wash. : |
| Name of publisher, distributor, etc | Microsoft Press, |
| Date of publication, distribution, etc | 2003. |
| 300 ## - PHYSICAL DESCRIPTION | |
| Extent | lxvii, 325 pages : |
| Other physical details | illustrations ; |
| Dimensions | 24 cm. |
| 490 1# - SERIES STATEMENT | |
| Series statement | Step by step |
| 500 ## - GENERAL NOTE | |
| General note | Includes glossary and index. |
| 538 ## - SYSTEM DETAILS NOTE | |
| System details note | System requirements: Pentium 133-MHz or higher processor; 64 MB of RAM plus an additional 8 MB of RAM for each program running simultaneously, 245 MB of available hard disk space with 115 MB on the hard disk where the operating system is installed, additional 4 MB hard disk space required for installing the practice files; Microsoft Windows 2000 with Service Pack 3 (SP3), Windows XP, or later operating system; Microsoft Office Excel 2003, PowerPoint 2003, Outlook Express, Outlook 2003, Internet Explorer version 5 or later; CD-ROM drive, super VGA (600 x 800) or higher-resolution monitor with 256 or higher colors. |
| 630 00 - SUBJECT ADDED ENTRY--UNIFORM TITLE | |
| Uniform title | Microsoft Excel (Computer file). |
| 650 #0 - SUBJECT ADDED ENTRY--TOPICAL TERM | |
| Topical term or geographic name as entry element | Business |
| General subdivision | Computer programs. |
| 650 #0 - SUBJECT ADDED ENTRY--TOPICAL TERM | |
| Topical term or geographic name as entry element | Electronic spreadsheets. |
| 830 #0 - SERIES ADDED ENTRY--UNIFORM TITLE | |
| Uniform title | Step by step (Redmond, Wash.) |
| 856 42 - ELECTRONIC LOCATION AND ACCESS | |
| Materials specified | Contributor biographical information |
| Uniform Resource Identifier | <a href="http://www.loc.gov/catdir/enhancements/fy1004/2003052689-b.html">http://www.loc.gov/catdir/enhancements/fy1004/2003052689-b.html</a> |
| 856 42 - ELECTRONIC LOCATION AND ACCESS | |
| Materials specified | Publisher description |
| Uniform Resource Identifier | <a href="http://www.loc.gov/catdir/enhancements/fy1004/2003052689-d.html">http://www.loc.gov/catdir/enhancements/fy1004/2003052689-d.html</a> |
| 856 41 - ELECTRONIC LOCATION AND ACCESS | |
| Materials specified | Table of contents only |
| Uniform Resource Identifier | <a href="http://www.loc.gov/catdir/enhancements/fy1009/2003052689-t.html">http://www.loc.gov/catdir/enhancements/fy1009/2003052689-t.html</a> |
| 906 ## - LOCAL DATA ELEMENT F, LDF (RLIN) | |
| a | 7 |
| b | cbc |
| c | orignew |
| d | 1 |
| e | ocip |
| f | 20 |
| g | y-gencatlg |
| 942 ## - ADDED ENTRY ELEMENTS (KOHA) | |
| Source of classification or shelving scheme | Library of Congress Classification |
| Koha item type | Books |
| Withdrawn status | Lost status | Source of classification or shelving scheme | Damaged status | Home library | Current library | Shelving location | Date acquired | Source of acquisition | Total Checkouts | Full call number | Barcode | Date last seen | Price effective from | Koha item type | Public note | Cost, normal purchase price | Total Renewals | Date checked out | Sub Shelving location |
|---|---|---|---|---|---|---|---|---|---|---|---|---|---|---|---|---|---|---|---|
| Withdrawn | Library of Congress Classification | Southville International School Affiliated with Foreign Universities Library | Southville International School Affiliated with Foreign Universities Library | 06/08/2015 | Library Fund | HF 5548.4.M523 .F948 2003 | SFU1990 | 05/15/2018 | 06/08/2015 | Books | Books donated | ||||||||
| Library of Congress Classification | Southville International School Affiliated with Foreign Universities Library | Southville International School Affiliated with Foreign Universities Library | Southville Foreign University Section | 06/08/2015 | Library Fund | HF 5548.4.M523 .F948 2003 | SFU1991 | 05/15/2018 | 06/08/2015 | Books | 1295.00 | ||||||||
| Withdrawn | Library of Congress Classification | Southville International School Affiliated with Foreign Universities Library | Southville International School Affiliated with Foreign Universities Library | 06/10/2015 | Library Fund | 1 | HF 5548.4.M523 .F948 2003 | SFU2026 | 05/15/2018 | 06/10/2015 | Books | Books donated | 3 | 02/06/2016 | |||||
| Library of Congress Classification | Southville International School Affiliated with Foreign Universities Library | Southville International School Affiliated with Foreign Universities Library | Southville Foreign University Section | 06/10/2015 | Library Fund | HF 5548.4.M523 .F948 2003 | SFU2027 | 05/15/2018 | 06/10/2015 | Books | |||||||||
| Library of Congress Classification | Southville International School Affiliated with Foreign Universities Library | Southville International School Affiliated with Foreign Universities Library | Southville Foreign University Section | 06/10/2015 | Library Fund | 1 | HF 5548.4.M523 .F948 2003 | SFU2028 | 05/15/2018 | 06/10/2015 | Books | 2 | 02/06/2016 | ||||||
| Library of Congress Classification | Southville International School Affiliated with Foreign Universities Library | Southville International School Affiliated with Foreign Universities Library | Southville Foreign University Section | 06/16/2015 | Library Fund | HF 5548.4.M523 .F948 2003 | SFU2091 | 05/15/2018 | 06/16/2015 | Books |